000 00593nam a2200229Ia 4500
003 OSt
005 20220928104034.0
006 a|||||r|||| 00| 0
007 ta
008 220927b |||||||| |||| 00| 0 eng d
024 _a75656
037 _cTextual
040 _aSDCL
_cSDCL
_beng
041 _2eng
_aeng
082 _aO-,3N24,1, J4
100 _aBaldwin James
_9408314
245 0 _aGo tell it on the moutain.
260 _aLondon
_bMichaal Joseph
_c1954
300 _a256p
_ccm.
942 _hO-,3N24,1, J4
_cTEXL
_2CC
999 _c723795
_d723795